| 000 | 00620nam a2200241Ia 4500 | ||
|---|---|---|---|
| 008 | 191119s9999 xx 000 0 und d | ||
| 020 | _a978-981-48-3943-3 | ||
| 050 | _aComSc QA 76.73 | ||
| 050 | _b.J38F37 2019 | ||
| 100 | _aFarrel, Joyce. | ||
| 245 | 0 | _aJava programming / | |
| 245 | 0 | _cJoyce Farrell. | |
| 250 | _a8th Edition | ||
| 260 | _aSingapore : | ||
| 260 | _bCengage Learning Asia, | ||
| 260 | _c2019 | ||
| 300 | _a994 pages : | ||
| 300 | _billustrations ; | ||
| 300 | _c23 cm. | ||
| 500 | _aIncludes index. | ||
| 650 | _aJava (Computer program language). | ||
| 650 | _xComputer programming. | ||
| 999 |
_c363078 _d363078 |
||